000 00365nam a2200133Ia 4500
008 240624s9999 xx 000 0 und d
041 _aeng
082 _a301.0954 SRI
100 _aSRIDHAR DEVI
245 _aANTHROPOLOGISTS INSIDE ORGANISATIONS SOUTH I
260 _c2008
_aNew Delhi
_bSage Publications
300 _aviii, : 170 : p. : cm. ; 22
365 _cRS
_b34
999 _c11584
_d11584